El Macba a... 98 [Vic, Mataró, Sant Boi de Llobregat, Granollers]
Publicado:
Barcelona :
Diputació de Barcelona. Àrea de Cultura. Oficina de Difusió Artística: MACBA, DL 1998
Descripción Física:
3 tríptics ; 21 cm en 1 estoig
Materias:
Art modern -- S. XX -- Catalunya
MARC
| LEADER | 00000nam a2200000Ia 4500 | ||
|---|---|---|---|
| 001 | 24603 | ||
| 008 | 160829s9999 xx 000 0 cat d | ||
| 080 | |a FU-66-25 | ||
| 245 | |a El Macba a... 98 [Vic, Mataró, Sant Boi de Llobregat, Granollers] | ||
| 260 | |a Barcelona : |b Diputació de Barcelona. Àrea de Cultura. Oficina de Difusió Artística: |b MACBA, DL 1998 | ||
| 300 | |a 3 tríptics ; |c 21 cm en 1 estoig | ||
| 590 | |a Amb la col·laboració dels ajuntaments de Vic, Sant Boi de Llobregat, Granollers, el Patronat Municipal de Cultura de Mataró | ||
| 650 | |a Art modern |x S. XX |x Catalunya |9 48745 | ||
| 700 | |a Sant Boi de Llobregat. Ajuntament | ||
| 700 | |a Patronat Municipal de Cultura (Mataró) |9 49664 | ||
| 710 | 2 | |a Vic (Catalunya). |b Ajuntament |9 51911 | |
| 710 | 1 | |a Barcelona (Catalunya : Província). |b Oficina de Difusió Artística |9 52669 | |
| 710 | 1 | |a Granollers (Catalunya). |b Ajuntament |9 52880 | |
| 710 | 2 | |a Museu d'Art Contemporani de Barcelona |9 52930 | |
| 901 | |a Arxiu | ||
| 942 | |n 1 | ||
| 952 | |0 0 |1 0 |4 0 |6 FU6625 |7 1 |9 55521 |a Arxiu |b Arxiu |d 2016-12-01 |l 0 |o FU-66-25 |p 24603 |r 2016-12-01 00:00:00 |w 2016-12-01 |y ARXIU | ||
| 999 | |c 59394 |d 59394 | ||